000 00368nam a2200145Ia 4500
005 20251222144923.0
008 251222s9999||||xx |||||||||||||| ||spa||
020 _a9786124126062
082 _a793.319.85/C562
100 _aChocacno Paredes, Rodrigo
245 0 _a¿Habrá Jarana en el Cielo?
250 _a1ra.ed.
264 _bMinisterio de Cultura
942 _cLIB
999 _c22784
_d22784